Cruzadas seculares (Record no. 95486)

MARC details
000 -LEADER
campo de control de longitud fija 01865nac a2200469 i 4500
001 - NÚMERO DE CONTROL
campo de control MOR01000095812
003 - IDENTIFICADOR DE NÚMERO DE CONTROL
campo de control mxdfmo
005 - FECHA Y HORA DE LA ÚLTIMA TRANSACCIÓN
campo de control 20260331145902.0
007 - CAMPO FIJO DE DESCRIPCIÓN FÍSICA--INFORMACIÓN GENERAL
campo de control de longitud fija ta
008 - DATOS DE LONGITUD FIJA--INFORMACIÓN GENERAL
campo de control de longitud fija 130109s2012 dfm grbi z000 dspa d
020 ## - NÚMERO INTERNACIONAL ESTÁNDAR DEL LIBRO
Número Internacional Estándar del Libro 9786074623550
035 ## - NÚMERO DE CONTROL DEL SISTEMA
Número de control de sistema 130047
040 ## - FUENTE DE CATALOGACIÓN
Centro catalogador/agencia de origen mxcmmo
Lengua de catalogación spa
Centro/agencia transcriptor mxcmmo
Normas de descripción rda
041 0# - CÓDIGO DE IDIOMA
Código de lengua del texto/banda sonora o título independiente spa
043 ## - CÓDIGO DE ÁREA GEOGRÁFICA
Código de área geográfica cl---
045 ## - PERIODO DE TIEMPO DEL CONTENIDO
Código de periodo de tiempo x7x9
082 04 - NÚMERO DE LA CLASIFICACIÓN DECIMAL DEWEY
Número de clasificación 322.42
Número de ítem CRU.r
245 00 - MENCIÓN DEL TÍTULO
Título Cruzadas seculares
Resto del título : religión y luchas (anti)revolucionarias/
Mención de responsabilidad, etc. edición Marco Estrada Saavedra, Gilles Bataillon
264 #1 - PRODUCCIÓN, PUBLICACIÓN, DISTRIBUCIÓN, FABRICACIÓN Y COPYRIGHT
Producción, publicación, distribución, fabricación y copyright México:
Nombre del de productor, editor, distribuidor, fabricante El Colegio de México, Centro de Estudios Sociológicos,
Fecha de producción, publicación, distribución, fabricación o copyright 2012.
300 ## - DESCRIPCIÓN FÍSICA
Extensión 226 páginas;
Dimensiones 21 cm
336 ## - TIPO DE CONTENIDO
Término de tipo de contenido texto
Código de tipo de contenido txt
Fuente rdacontent
337 ## - TIPO DE MEDIO
Nombre/término del tipo de medio sin medio
Código del tipo de medio n
Fuente rdamedia
338 ## - TIPO DE SOPORTE
Nombre/término del tipo de soporte volumen
Código del tipo de soporte nc
Fuente rdacarrier
504 ## - NOTA DE BIBLIOGRAFÍA, ETC.
Nota de bibliografía, etc. Nota Incluye bibliografía
610 17 - PUNTO DE ACCESO ADICIONAL DE MATERIA--NOMBRE DE ENTIDAD CORPORATIVA
Nombre de entidad corporativa o nombre de jurisdicción como elemento de entrada Ejército Zapatista de Liberación Nacional (México)
Subdivisión general Alocuciones, ensayos, conferencias
9 (RLIN) 109502
650 #7 - PUNTO DE ACCESO ADICIONAL DE MATERIA--TÉRMINO DE MATERIA
Término de materia o nombre geográfico como elemento de entrada Iglesia y problemas sociales
Subdivisión geográfica Hispanoamérica
Subdivisión general Alocuciones, ensayos, conferencias
9 (RLIN) 58041
650 #7 - PUNTO DE ACCESO ADICIONAL DE MATERIA--TÉRMINO DE MATERIA
Término de materia o nombre geográfico como elemento de entrada Religión
Subdivisión general Aspectos políticos
-- Alocuciones, ensayos, conferencias
9 (RLIN) 166483
650 #7 - PUNTO DE ACCESO ADICIONAL DE MATERIA--TÉRMINO DE MATERIA
Término de materia o nombre geográfico como elemento de entrada Teologia de la liberacion
Subdivisión general Alocuciones, ensayos, conferencias
9 (RLIN) 70410
651 #7 - PUNTO DE ACCESO ADICIONAL DE MATERIA--NOMBRE GEOGRÁFICO
Nombre geográfico Hispanoamérica
Subdivisión general Religión
-- Alocuciones, ensayos, conferencias
9 (RLIN) 166484
700 1# - ENTRADA AGREGADA--NOMBRE PERSONAL
Nombre de persona Bataillon, Gilles
Término indicativo de función/relación editor
9 (RLIN) 156805
700 1# - ENTRADA AGREGADA--NOMBRE PERSONAL
Nombre de persona Estrada Saavedra, Marco
Fechas asociadas al nombre 1971-
Término indicativo de función/relación editor
9 (RLIN) 22468
710 2# - ENTRADA AGREGADA--NOMBRE DE ENTIDAD CORPORATIVA
Nombre de entidad corporativa o nombre de jurisdicción como elemento de entrada El Colegio de México
Unidad subordinada Centro de Estudios Sociológicos
9 (RLIN) 2072
900 ## - ELEMENTOS DE DATOS A LOCAL, LDA (RLIN)
Nombre de persona CAT
Numeración Verónica Silva
Títulos y otros términos asociados al nombre 20130116
Lenguaje de la obra MOR01
-- 1313
900 ## - ELEMENTOS DE DATOS A LOCAL, LDA (RLIN)
Nombre de persona KLASY
Numeración 30
Títulos y otros términos asociados al nombre 20130123
Lenguaje de la obra MOR01
-- 1543
900 ## - ELEMENTOS DE DATOS A LOCAL, LDA (RLIN)
Nombre de persona KLASY
Numeración 30
Títulos y otros términos asociados al nombre 20130124
Lenguaje de la obra MOR01
-- 1014
900 ## - ELEMENTOS DE DATOS A LOCAL, LDA (RLIN)
Nombre de persona MARC21
Numeración 40
Títulos y otros términos asociados al nombre 20170222
Lenguaje de la obra MOR01
-- 1124
900 ## - ELEMENTOS DE DATOS A LOCAL, LDA (RLIN)
Nombre de persona MARY
Numeración 05
Títulos y otros términos asociados al nombre 20130109
Lenguaje de la obra MOR01
-- 1212
900 ## - ELEMENTOS DE DATOS A LOCAL, LDA (RLIN)
Nombre de persona MARY
Numeración 05
Títulos y otros términos asociados al nombre 20130109
Lenguaje de la obra MOR01
-- 1212
900 ## - ELEMENTOS DE DATOS A LOCAL, LDA (RLIN)
Nombre de persona VOBO
Numeración 40
Títulos y otros términos asociados al nombre 20130125
Lenguaje de la obra MOR01
-- 1519
904 ## - ELEMENTOS DE DATOS D LOCAL, LDD (RLIN)
a UPDATE
942 ## - ELEMENTOS DE ENTRADA SECUNDARIOS (KOHA)
Código de la institución [OBSOLETO] BK
901 ## - ELEMENTOS DE DATOS A LOCAL LDA (RLIN)
a batch batch
Holdings
Estatus retirado Estado de pérdida Fuente del sistema de clasificación o colocación Estado de daño No para préstamo Colección Biblioteca de origen Biblioteca actual Ubicación en estantería Fecha de adquisición Fuente de adquisición Número de inventario Total de préstamos Signatura topográfica completa Código de barras Visto por última vez Precio de reemplazo Tipo de ítem Koha
    Clasificación Decimal Dewey     Libros (General) Biblioteca Instituto Mora Biblioteca Instituto Mora Regular 16/01/2013   122369   (G)/322.42 CRU.r 33068001238896 03/09/2024 03/09/2024 Libro préstamo regular